00528nam a2200181 a 450000500170000000800410001704000270005804100080008504400070009308200190010010000300011924500350014926000770018430000450026165000160030665000120032265000120033420200104041558.0140319b1999 ck a gr|||| 00| 0 spa d aCO-BoIAVH cCO-BoIAVH  aspa ack a333.7071bA28m1 aAguilar Gómez, Tarsicio1 aManejo ecológico de cultivos aMedellínbCorporación Ecológica y Cultural Penca de Sábilac1999 a37 paginas :bilustracionesc23 x 16 cm 6aAgricultura 4aCultivo 4aPlagas